Detalles MARC
| 000 -LEADER |
| fixed length control field |
01816nam a2200265Ia 4500 |
| 003 - CONTROL NUMBER IDENTIFIER |
| control field |
OSt |
| 005 - DATE AND TIME OF LATEST TRANSACTION |
| control field |
20210719160701.0 |
| 008 - FIXED-LENGTH DATA ELEMENTS--GENERAL INFORMATION |
| fixed length control field |
130821s1991 ck gr spa |
| 020 ## - INTERNATIONAL STANDARD BOOK NUMBER |
| International Standard Book Number |
9589040195 |
| 040 ## - CATALOGING SOURCE |
| Original cataloging agency |
Co-BoUCM |
| Transcribing agency |
CO-JMCR |
| 041 0# - LANGUAGE CODE |
| Language code of text/sound track or separate title |
spa |
| 082 04 - DEWEY DECIMAL CLASSIFICATION NUMBER |
| Classification number |
332.1 / |
| Item number |
C766s |
| Edition number |
23 |
| 111 2# - MAIN ENTRY--MEETING NAME |
| Meeting name or jurisdiction name as entry element |
Convencin̤ Bancaria y de Instituciones Financiera |
| Number of part/section/meeting |
(27o : |
| Date of meeting or treaty signing |
1991 may. 23 y 24 : |
| Location of meeting |
Cartagena) |
| 9 (RLIN) |
38569 |
| 245 13 - TITLE STATEMENT |
| Title |
El sector financiero en los años noventa / |
| Statement of responsibility, etc. |
Memorias de la XXVII Convención Bancaria y de Instituciones Financieras. |
| 260 ## - PUBLICATION, DISTRIBUTION, ETC. |
| Place of publication, distribution, etc. |
Cartagena (Bolívar, Colombia) : |
| Name of publisher, distributor, etc. |
Asociación Bancaria de Colombia, |
| Date of publication, distribution, etc. |
1991. |
| 300 ## - PHYSICAL DESCRIPTION |
| Extent |
197 páginas : |
| Dimensions |
23 cm. |
| 504 ## - BIBLIOGRAPHY, ETC. NOTE |
| Bibliography, etc. note |
Incluye índice general. |
| 505 0# - FORMATTED CONTENTS NOTE |
| Title |
Palabras de bienvenida. / |
| Statement of responsibility |
Martha Uribe de Berón. -- |
| Title |
Discurso Dr. Javier Gómez Restrepo. -- |
| -- |
Discurso Dr. Cesar Gaviria Trujillo. -- |
| -- |
Anotaciones complementarias a la reforma financiera. / |
| Statement of responsibility |
Néstor Humberto Martínez Neira. -- |
| Title |
Banco popular español: una experiencia exitosa en un proceso de cambio. / |
| Statement of responsibility |
Sr. Manuel Martín Martín. -- |
| Title |
Estrategias de un banco mexica frente a la globalización y la apertura financiera. / <br/> |
| Statement of responsibility |
C.P. Carlos Aguilar Villalobos. -- |
| Title |
Una respuesta al reto de la liberalización financiera: razones y experiencias de un proceso de redimensionamiento por fusión. / |
| Statement of responsibility |
Sr. Enrique Mas. -- |
| Title |
Intervención Dr. Francisco Ortega Acosta. -- |
| -- |
Consecuencias de la reforma financiera chilena de los años 80. / |
| Statement of responsibility |
Dr. Guillermo Ramírez V. -- |
| Title |
El sector financiero en los años noventa. / |
| Statement of responsibility |
Florángela Gómez Ordóñez. -- |
| Title |
Discurso Dr. Rudolf Hommes R. |
| 650 14 - SUBJECT ADDED ENTRY--TOPICAL TERM |
| Topical term or geographic name entry element |
Desarrollo económico |
| 9 (RLIN) |
12956 |
| 650 24 - SUBJECT ADDED ENTRY--TOPICAL TERM |
| Topical term or geographic name entry element |
Economía |
| 9 (RLIN) |
174 |
| 650 24 - SUBJECT ADDED ENTRY--TOPICAL TERM |
| Topical term or geographic name entry element |
Finanzas |
| 9 (RLIN) |
7628 |
| 650 24 - SUBJECT ADDED ENTRY--TOPICAL TERM |
| Topical term or geographic name entry element |
Historia de Colombia |
| 9 (RLIN) |
26508 |
| 650 24 - SUBJECT ADDED ENTRY--TOPICAL TERM |
| Topical term or geographic name entry element |
Sistema financiero |
| 9 (RLIN) |
8107 |
| 942 ## - ADDED ENTRY ELEMENTS (KOHA) |
| Koha item type |
Books |
| Source of classification or shelving scheme |
Dewey Decimal Classification |